Southville International School and Colleges
Your cart is empty.
  • Cart
  • Lists
    Public lists Eva Luna New books Lux_list list_1
    Your lists Log in to create your own lists
  • Log in to your account
  • Your cookies
  • Search history
Southville International School and Colleges
  • Advanced search
  • Recent comments
  • Most popular
  • Libraries

Log in to your account

Log in with GOOGLE


If you do not have an external account, but do have a local account, you can still log in:

  1. Home
  2. MARC view: Special educational needs in the years /
Normal view MARC view ISBD view

Special educational needs in the years / (Record no. 357335)

[ view plain ]
MARC details
000 -LEADER
fixed length control field 00738nam a2200241Ia 4500
008 - FIXED-LENGTH DATA ELEMENTS--GENERAL INFORMATION
fixed length control field 180523s9999 xx 000 0 und d
020 ## - INTERNATIONAL STANDARD BOOK NUMBER
International Standard Book Number 0-415-30347-8
050 ## - LIBRARY OF CONGRESS CALL NUMBER
Classification number MAIN LC 4019.3
050 ## - LIBRARY OF CONGRESS CALL NUMBER
Item number .W55 2003
100 ## - MAIN ENTRY--PERSONAL NAME
Personal name Wilson, Ruth A.
245 #0 - TITLE STATEMENT
Title Special educational needs in the years /
245 #0 - TITLE STATEMENT
Statement of responsibility, etc Ruth A. Wilson.
250 ## - EDITION STATEMENT
Edition statement 2nd Edition
260 ## - PUBLICATION, DISTRIBUTION, ETC. (IMPRINT)
Place of publication, distribution, etc London :
260 ## - PUBLICATION, DISTRIBUTION, ETC. (IMPRINT)
Name of publisher, distributor, etc Routlege Falmer,
260 ## - PUBLICATION, DISTRIBUTION, ETC. (IMPRINT)
Date of publication, distribution, etc 2003
300 ## - PHYSICAL DESCRIPTION
Extent 268 pages :
300 ## - PHYSICAL DESCRIPTION
Dimensions 23 cm.
440 ## - SERIES STATEMENT/ADDED ENTRY--TITLE
Title Teaching and learning in the early years
500 ## - GENERAL NOTE
General note Includes bibliographical references and index.
650 ## - SUBJECT ADDED ENTRY--TOPICAL TERM
Topical term or geographic name as entry element Children with disabilities -- Education (Early childhood) -- Case studies.
650 ## - SUBJECT ADDED ENTRY--TOPICAL TERM
General subdivision Special education -- Case studies.
Holdings
Withdrawn status Lost status Damaged status Home library Current library Shelving location Date acquired Cost, normal purchase price Total Checkouts Full call number Barcode Date last seen Price effective from Koha item type
      South Mansfield College South Mansfield College   03/07/2005 2.00   MAIN LC 4019.3 .W55 2003 SMC00803 05/23/2018 05/23/2018  

Special educational needs in the years /

APA

Wilson R. A., .Special educational needs in the years. London: .

Chicago

Wilson Ruth A, .Special educational needs in the years. London: .

Harvard

Wilson R. A., .Special educational needs in the years. London: .

MLA

Wilson Ruth A, .London: . .

  • Place hold
  • Print
  • Cite
  • Add to your cart (remove)
  • Save record
    BIBTEX Dublin Core MARCXML MARC (non-Unicode/MARC-8) MARC (Unicode/UTF-8) MARC (Unicode/UTF-8, Standard) MODS (XML) RIS
  • More searches
    Search for this title in:
    Other Libraries (WorldCat) Other Databases (Google Scholar) Online Stores (Bookfinder.com) Open Library (openlibrary.org)

Exporting to Dublin Core...

SOUTHVILLE LIBRARY

Southville International School and Colleges Library

1281 Tropical Ave. Cor. Luxembourg St., BF Homes International, Las Pinas City

Tel. No. 8256374 / 252358 Loc. 117/146

Powered by Koha